Rheoptical studies of rubbers (Record no. 33732)

MARC details
000 -LEADER
fixed length control field 00289nam a2200121Ia 4500
082 ## - DEWEY DECIMAL CLASSIFICATION NUMBER
Classification number NR:62:535
Item number STE
100 ## - MAIN ENTRY--AUTHOR NAME
Personal name Stein, R S
245 #0 - TITLE STATEMENT
Title Rheoptical studies of rubbers
260 ## - PUBLICATION, DISTRIBUTION, ETC. (IMPRINT)
Place of publication USA
Name of publisher DDC
650 ## - SUBJECT ADDED ENTRY--TOPICAL TERM
Topical Term Rubber rheoptics
942 ## - ADDED ENTRY ELEMENTS (KOHA)
Koha item type Books
Holdings
Withdrawn status Lost status Damaged status Not for loan Home library Current library Date acquired Cost, normal purchase price Full call number Accession Number Koha item type
        RRII Library RRII Library 16/12/2021 12.00 NR:62:535 STE 14177 Books